1819 1494 1782 1880 1265 1748 1398 1736 1101 1857 1575 1262 1948 1546 1659 1953 1281 1408 1769 1458 1650 1805 1452 1460 1047 1409 1443 1506 1399 1813 1411 1536 1212 1756 1231 1015 1420 1929 1361 1426 1706 1031 1507 1540 1589 1964 1118 1692 1443 1311 1662 1555 1146 1954 1873 1916 1215 1728 1484 1629 1620 1073 1091 1068 1213 1207 1706 1956 1246 1360 1289 1698 1223 1227 1692 1781 1448 1050 1619 1073 1498 1707 1043 1056 1572 1409 1692 1366 1531 1622 1450 1536 1257 1438 1706 1708 1793 1408 1077 BCNSPRNW ULIB Ver.6.0+V

เปลี่ยนเป็นภาษาไทย

Change to English
 แสดงรายละเอียดบรรณานุกรม
  กลับหน้าหลัก

Brief Record : Get Marc (ISO 2709) : E-mail record : QR code < ปิดหน้าต่าง
LEADER : 00000nam 2200000uu 4500
001    13399111359
003     ULIB
008    110623s2551||||th 000 0 tha d
020    7989741034352
060  4 QU325^bพ349บ 2551
100 0  พระพรหมคุณาภรณ์(ป.อ.ปยุตโต)
245 00 บาปไฮเทคดัดแปลงชีวิตฝืนลิขิตธรรมชาติ/^cโดย,พระพรหมคุณาภรณ์(ป.อ.ปยุตโต),เชิดชัย เลิศจิตรเลขา,อรุณ บุญชม
250    พิมพ์ครั้งที่ 1
260    กรุงเทพฯ:^bกรีน-ปัญญาญาณ,^c2551
300    184 หน้า
650  7 โคลนนิ่ง
650  7 เสต็มเซลล์
650  7 ตัดต่อยีน
650  7 จีโนม
700 0  เชิดชัย เลิศจิตรเลขา
700 0  อรุณ บุญชม
945    ^p129^l0^i15726
995    กัณชพร
999    ^aใช้งานได้ทุกระบบ
รายการนี้ยังไม่มีแท็ก
คุณยังไม่ได้ล็อกอิน คุณสามารถมีกิจกรรมร่วมกับเว็บไซต์ได้ แต่ต้องล็อกอินก่อน ::
  ล็อกอิน

รายการสื่อสารสนเทศ

ลำดับที่ ประเภท เลขเรียก/บาร์โค้ด สถานที่ สถานะ
1. วิทยาศาสตร์การแพทย์ และสุขภาพ
วิทยาศาสตร์การแพทย์ และสุขภาพ
QU325 พ349บ 2551  
  Barcode: 15726
ห้องสมุดวิทยาเขตสวรรค์ประชารักษ์
►ส่วนจัดเก็บหนังสือเก่า สปร
บนชั้น
  ขอยืม

รายการใกล้เคียง
    ผู้แต่ง [พระพรหมคุณาภรณ์(ป.อ.ปยุตโต)]

    หัวเรื่อง [โคลนนิ่ง]
    หัวเรื่อง [เสต็มเซลล์]
    หัวเรื่อง [ตัดต่อยีน]
    หัวเรื่อง [จีโนม]

BibComment


ยังไม่เคยถูกคอมเมนท์

คอมเมนท์ทรัพยากรรายการนี้
  คอมเมนท์: บาปไฮเทคดัดแปลงชี..


 Copyright 2026. Bcnsprnw @Library